Statistics for Hobart Suburbs

Click here to take the quiz!

General Stats

  • This quiz has been taken 88 times
  • The average score is 28 of 62

Answers on the Map

Answers color-coded by a green-red scale on the quiz's map according to % correct below.
 

Answer Stats

Answer% Correct
Hobart
100%
North Hobart
77%
South Hobart
72%
West Hobart
72%
Glenorchy
58%
Bellerive
55%
Kingston
55%
Brighton
53%
Sandy Bay
53%
Battery Point
51%
Moonah
51%
New Town
51%
Taroona
49%
Blackmans Bay
47%
Lenah Valley
47%
Bridgewater
45%
Claremont
45%
Howrah
45%
Lindisfarne
45%
Old Beach
45%
Risdon
45%
Risdon Vale
45%
Rokeby
45%
West Moonah
45%
Austins Ferry
43%
Berriedale
43%
Cambridge
43%
Derwent Park
43%
Kingston Beach
43%
Mount Nelson
43%
Rosny
43%
Acton Park
42%
Chigwell
42%
Dynnyrne
42%
Gagebrook
42%
Goodwood
42%
Granton
42%
Lutana
42%
Montrose
42%
Mount Stuart
42%
Rosetta
42%
Seven Mile Beach
42%
Geilston Bay
40%
Mornington
40%
Warrane
40%
Bonnet Hill
38%
Glebe
38%
Lauderdale
38%
Otago
38%
Queens Domain
38%
Rose Bay
38%
Rosny Park
38%
Tolmans Hill
38%
Tranmere
38%
Dowsing Point
36%
Huntingfield
36%
Montagu Bay
36%
Pontville
36%
Clarendon Vale
34%
Oakdowns
34%
Roches Beach
34%
Herdsmans Cove
32%

Score Distribution

Percentile by Number Answered

Percent of People with Each Score

Your Score History

You have not taken this quiz